| 000 | 00522nam a22002057a 4500 | ||
|---|---|---|---|
| 003 | OSt | ||
| 005 | 20140310184505.0 | ||
| 008 | 121109t xxu||||| |||| 00| 0 eng d | ||
| 020 | _a0439740371 | ||
| 050 |
_aPZ 7 _b.D141 2006 |
||
| 100 |
_aDaley, Patrick _922946 |
||
| 245 |
_aYou Call That A Job? / _cPatrick Daley |
||
| 260 |
_aNew York : _bScholastic Inc., _c2006. |
||
| 300 |
_a16 p. : _bcol. ill. ; _c23 cm. |
||
| 521 | _aG1 | ||
| 526 | _c230 | ||
| 942 |
_2lcc _cBK-SCHOLAS |
||
| 999 |
_c34836 _d34836 |
||